Conversion in a Pluralistic Context (Record no. 18126)

MARC details
000 -LEADER
fixed length control field 00597nam a2200229 a 4500
020 ## - INTERNATIONAL STANDARD BOOK NUMBER
ISBN 817214X
082 00 - DEWEY DECIMAL CLASSIFICATION NUMBER
Classification number 248.24
Author Cutter MAR
100 ## - MAIN ENTRY--AUTHOR NAME
Author name Mark, Krickwin C
245 ## - TITLE STATEMENT
Title Conversion in a Pluralistic Context
Sub title Perspectives and Perceptions
260 ## - PUBLICATION, DISTRIBUTION, ETC. (IMPRINT)
Place of publication Delhi
Name of publisher ISPCK
Year of publication 2000
300 ## - PHYSICAL DESCRIPTION
Number of Pages 230p
500 ## - GENERAL NOTE
General note includes index and biblioraphy
505 2# - FORMATTED CONTENTS NOTE
Formatted contents note Vols. 1 to 6
650 ## - SUBJECT ADDED ENTRY--TOPICAL TERM
Topical Term Conversion-Religious
942 ## - ADDED ENTRY ELEMENTS (KOHA)
Koha item type Books
Holdings
Collection code Home library Current library Date acquired Cost, normal purchase price Full call number Accession Number Koha item type
  Henry Martyn Institute Library Henry Martyn Institute Library 03/02/2012 100.00 248.24 MAR 11000935 Books
                   Copyright © 2026 | Henry Martyn Institute | Hyderabad | TS-500052 | INDIA | Implemented by hmi.edu.in
Hit-Count:

Powered by Koha